000 02229nam0a2200325 i 4500
001 IT\ICCU\BMT\0023216
003 IT-MiSPE
005 20220223095547.0
008 220223b ||||| |||| 00| 0 eng d
020 _a978-88-06-21740-2
_c21.00 EUR
040 _aIT-MiSPE
_bita
_cIT-MiSPE
041 _aita
082 _a128-NAN je es (axa 23315)
100 _aNancy, Jean-Luc.
_d1940
_eautore
_959079
240 _aÊtre singulier pluriel
_lfre
245 _aEssere singolare plurale.
_cIntroduzione di Roberto Esposito in dialogo con Jean-Luc Nancy
250 _aNuova edizione ampliata
260 _aTorino :
_bEinaudi (Piccola Biblioteca Einaudi),
_c2001 e 2020
300 _axxv, 192 p. ;
_c21 cm
410 0 _aPiccola biblioteca Einaudi. Nuova serie
_v744
490 _aFilosofia
520 _aIn questo libro Jean-Luc Nancy rivolge il proprio sguardo alla costituzione stessa della realtà – nella sua configurazione insieme singolare e plurale. Quello che la tradizione filosofica ha chiamato «essere» non è che la relazione originaria in cui le singole esistenze s’incrociano in un nodo comune. A partire da questo semplice presupposto, il testo si presenta, piú che come un trattato sistematico di ontologia, nella forma di un’interrogazione profonda e originale della nostra contemporaneità: dei suoi bagliori e delle sue rovine, dei suoi idoli e delle sue vibrazioni. Dal dispiegamento della tecnica alla società dello spettacolo, dalle antinomie della mondializzazione alla metamorfosi dei corpi, Nancy riconduce la riflessione filosofica al confronto diretto con il nostro tempo. In un mondo da cui il senso sembra essersi definitivamente ritirato, Nancy individua lo spazio aperto per una nuova modalità di pensiero, di cui il dialogo filosofico con Roberto Esposito, che apre il volume, tenta di definire le condizioni e i contorni.
546 _aTraduzione di Davide Tarizzo (pp. VII-XXV e 1-108) e Graziella Durante (pp. 109-192).
630 _aFilosofia
_vAntropologia filosofica
_xNatura dell'uomo
_959080
699 _yFilosofia
700 1 _aTarizzo, Davide,
_etr.
_959081
700 1 _aDurante, Graziella,
_etr.
_959082
830 _aPensiero filosofico
_959083
942 _2ddc
_cBK
999 _c359418
_d359418